| 000 | 00364nam a22001577a 4500 | ||
|---|---|---|---|
| 005 | 20160622151703.0 | ||
| 008 | 160622b xxu||||| |||| 00| 0 eng d | ||
| 041 | _aeng | ||
| 082 | _b9242 | ||
| 100 |
_aBellur and Bearkman _92518 |
||
| 245 | _aReadings in Marketing Management | ||
| 260 |
_bHPH _c1987 |
||
| 300 | _a509 | ||
| 650 |
_aManagement _9241 |
||
| 942 | _cBK | ||
| 999 |
_c3578 _d3577 |
||